00240nam a22000857a 4500082001500000245008400015300001000099526003700109650000800146 a940.4bTIM aThe times documentary history of the ear vol-vIIIbLondon printing house square a495 p a0b0c0d940_400000000000000_TIM aMCE